000 00298nam a22001337a 4500
008 170627b xxu||||| |||| 00| 0 eng d
020 _a9780872200470
041 _aeng
080 _a32
100 _a21
101 _aSHP
245 _aTHE BASIC POLITICAL WRITIGS
_cCRESS.D.A
942 _2udc
_cBK
999 _c19160
_d19160